书目信息 |
| 题名: |
电磁场与微波
|
|
| 作者: | 毕岗 主编 | |
| 分册: | ||
| 出版信息: | 杭州 浙江大学出版社 2014.07 |
|
| 页数: | 290页 | |
| 开本: | 26cm | |
| 丛书名: | ||
| 单 册: | ||
| 中图分类: | O441.4 , TN015 | |
| 科图分类: | ||
| 主题词: | 电磁场--高等学校--教材 , 微波技术--高等学校--教材 , 电磁场 , 微波技术 | |
| 电子资源: | ||
| ISBN: | 978-7-308-13554-2 | |
| 000 | 01150nam0 2200337 450 | |
| 001 | 0120141370647 | |
| 005 | 20170418154847.79 | |
| 010 | @a978-7-308-13554-2@dCNY38.00 | |
| 100 | @a20140918d2014 em y0chiy0110 ea | |
| 101 | 0 | @achi |
| 102 | @aCN@b330000 | |
| 105 | @aak z 000yy | |
| 106 | @ar | |
| 200 | 1 | @a电磁场与微波@9dian ci chang yu wei bo@f毕岗主编 |
| 205 | @a2版 | |
| 210 | @a杭州@c浙江大学出版社@d2014.07 | |
| 215 | @a290页@c图@d26cm | |
| 300 | @a应用型本科规划教材 应用型本科院校信电专业基础平台课规划教材系列 | |
| 312 | @a封面英文题名:Electromagnetic field and microwave | |
| 330 | @a本书从矢量分析与场论入手,着重讨论了静态电磁场基本理论、时变电磁场基本理论、微波技术工程基础及电磁波的应用。全书共分9章,具体包括矢量分析与场论、静态电场与恒定电场等。 | |
| 333 | @a高校相关师生 | |
| 510 | 1 | @aElectromagnetic field and microwave@zeng |
| 606 | 0 | @a电磁场@x高等学校@j教材 |
| 606 | 0 | @a微波技术@x高等学校@j教材 |
| 606 | 0 | @a电磁场 |
| 606 | 0 | @a微波技术 |
| 690 | @aO441.4@v5 | |
| 690 | @aTN015@v5 | |
| 701 | 0 | @a毕岗@9bi gang@4主编 |
| 801 | 0 | @aCN@b人天书店@c20140918 |
| 905 | @b987907-10@dO441.4@e165=2@f4 | |
| 电磁场与微波/毕岗主编.-2版.-杭州:浙江大学出版社,2014.07 |
| 290页:图;26cm |
| 应用型本科规划教材 应用型本科院校信电专业基础平台课规划教材系列.-使用对象:高校相关师生 |
| ISBN 978-7-308-13554-2:CNY38.00 |
| 本书从矢量分析与场论入手,着重讨论了静态电磁场基本理论、时变电磁场基本理论、微波技术工程基础及电磁波的应用。全书共分9章,具体包括矢量分析与场论、静态电场与恒定电场等。 |
| ● |
| 相关链接 |
|
|
|
|
正题名:电磁场与微波
索取号:O441.4/165=2
 
预约/预借
| 序号 | 登录号 | 条形码 | 馆藏地/架位号 | 状态 | 备注 |
| 1 | 987907 | 209879078 | 第二样本阅览室/ [索取号:O441.4/165=2] | 在馆 | |
| 2 | 987908 | 209879087 | 第三借阅区/ [索取号:O441.4/165=2] | 在馆 | |
| 3 | 987909 | 209879096 | 第三借阅区/ [索取号:O441.4/165=2] | 在馆 | |
| 4 | 987910 | 209879103 | 密集书库-文学院/ [索取号:O441.4/165=2] | 在馆 |